00878na a2200277 450000100060000000300080000600500170001400800410003103500100007204000250008204100080010708200260011511000520014124500490019326000410024230000180028344000500030150000620035161000300041361000280044361000360047165000220050765700250052965700270055483000190058120800MIRAKIL20181213155149.0170127b tu 000 0  a20800 aMilasbturcTR-AnCHP atur aCHP 333.79bC36c 2014 aCumhuriyet Halk Partisi (CHP)bEnerji Komisyonu aCHP enerji politikasıcCHP Enerji Komisyonu aAnkarabCHP Enerji Komşsyonuc2014 a66 s.c21 sm. aCumhuriyet Halk Partisi yayınlarıpRaporlar aDış kapakta başka yapıt adı : "CHP'de enerji var!" aCHPxEnerji politikaları aCHPxProgramlaryEnerji aCHPbEnerji KomisyonuxRaporlar aEnerjizTürkiye aCHP enerji programı aCHP enerji politikası aCHP raporları